Transnational Cooperation and Developing Countries (Record no. 2414)

MARC details
000 -LEADER
fixed length control field 00423nam a22001337a 4500
008 - FIXED-LENGTH DATA ELEMENTS--GENERAL INFORMATION
fixed length control field 250318b |||||||| |||| 00| 0 eng d
020 ## - INTERNATIONAL STANDARD BOOK NUMBER
ISBN 08718617729
100 ## - MAIN ENTRY--AUTHOR
Author Commitee for Economic Development: Research and Policy Committe
245 ## - TITLE STATEMENT
Title Transnational Cooperation and Developing Countries
260 ## - PUBLICATION, DISTRIBUTION, ETC. (IMPRINT)
Place of publication Nwe York
Name of publisher Community for Economic Development
Date of publication 1981
300 ## - COLLATION
Pagination ix, 88p.
942 ## - ADDED ENTRY ELEMENTS (KOHA)
Item type Books
050 ## - LIBRARY OF CONGRESS CALL NUMBER
Classification number HD2755.5
Item number .C67
Holdings
Source of classification or shelving scheme Not for loan Permanent location Current location Date acquired Accession No. Full call number Barcode. Koha item type
Library of Congress Classification   Samuel Ogbemudia Main Library, University of Abuja Samuel Ogbemudia Main Library, University of Abuja 03/18/2025 2017/49957 HD2755.5.C67 2025-0679 Books